000
00322nam a2200145Ia 4500
008
230718s9999 xx 000 0 und d
041
_a
Eng.
082
_a
342.2
_b
FAN-1
100
_a
Fan Man,J,M
245
0
_a
101-qanoon
260
_a
Pakistan
_b
oxford publisher
_c
2008
300
_a
416
650
_a
Law
999
_c
30225
_d
30225